[Event "22nd Open"]
[Site "Cappelle la Grande FRA"]
[Date "2006.02.21"]
[Round "5"]
[White "Shneider,A"]
[Black "Zozulia,A"]
[Result "1-0"]
[WhiteElo "2529"]
[BlackElo "2366"]
[EventDate "2006.02.18"]

1. d4 Nf6 2. c4 g6 3. Nc3 Bg7 4. e4 d6 5. Be2 O-O 6. Nf3 Na6 7. O-O e5 8.
Re1 c6 9. Bf1 Bg4 10. d5 Nb4 11. Be2 a5 12. h3 Bd7 13. Bf1 cxd5 14. cxd5
Nh5 15. a3 Na6 16. Be3 Nf4 17. Nd2 Nc5 18. Bxc5 dxc5 19. a4 g5 20. Kh2 f5
21. Nc4 Ra6 22. Ra3 Bc8 23. Ne3 Raf6 24. exf5 g4 25. Ne4 Rh6 26. Nxg4 Rd6
27. Nxd6 Qxd6 28. Bc4 Bd7 29. Bb5 Kh8 1-0

[Event "22nd Open"]
[Site "Cappelle la Grande FRA"]
[Date "2006.02.21"]
[Round "5"]
[White "Marzolo,C"]
[Black "Narciso Dublan,M"]
[Result "1/2-1/2"]
[WhiteElo "2393"]
[BlackElo "2525"]
[EventDate "2006.02.18"]

1. d4 d5 2. Nf3 c5 3. c4 e6 4. cxd5 exd5 5. g3 Nf6 6. Bg2 Be7 7. O-O O-O 8.
Nc3 Nc6 9. Bg5 cxd4 10. Nxd4 h6 11. Be3 Re8 12. Rc1 Bg4 13. h3 Be6 14. Nxe6
fxe6 15. Qa4 a6 16. Rfd1 Bb4 17. Ne4 Nxe4 18. Bxe4 Qa5 19. Qxa5 Bxa5 20.
Bg2 Rac8 21. Bc5 Red8 22. e4 d4 23. e5 Nxe5 24. b4 Nd3 25. Rxd3 Bxb4 26.
Bxb7 Rxc5 27. Rxc5 Bxc5 28. Bxa6 Rb8 29. Rb3 Rxb3 1/2-1/2

[Event "22nd Open"]
[Site "Cappelle la Grande FRA"]
[Date "2006.02.21"]
[Round "5"]
[White "Landenbergue,C"]
[Black "Burg,T"]
[Result "1/2-1/2"]
[WhiteElo "2419"]
[BlackElo "2231"]
[EventDate "2006.02.18"]

1. e4 c5 2. c3 Nf6 3. e5 Nd5 4. d4 cxd4 5. Nf3 e6 6. cxd4 d6 7. Bc4 Nc6 8.
O-O Be7 9. Re1 O-O 10. exd6 Qxd6 11. Nc3 Nf6 12. a3 Rd8 13. Be3 a6 14. Qe2
b5 15. Bb3 Bb7 16. Rad1 Na5 17. Ba2 Bd5 18. Nxd5 Nxd5 19. Ne5 Nc6 20. Nd3
b4 21. Nc5 Qb8 22. Nxa6 Qb6 23. Bxd5 Rxd5 24. Nxb4 Bxb4 25. axb4 Qxb4 26.
Qd2 Qb7 27. Qc3 Rad8 28. Rd2 Ne7 29. Rc2 1/2-1/2

[Event "22nd Open"]
[Site "Cappelle la Grande FRA"]
[Date "2006.02.21"]
[Round "5"]
[White "Polard,G"]
[Black "Gutman,G"]
[Result "1/2-1/2"]
[WhiteElo "2173"]
[BlackElo "2517"]
[EventDate "2006.02.18"]

1. e4 c5 2. Nf3 Nc6 3. d4 cxd4 4. Nxd4 Nf6 5. Nc3 d6 6. Bg5 e6 7. Qd2 h6 8.
Bxf6 gxf6 9. O-O-O a6 10. f4 Bd7 11. Kb1 Qb6 12. Nb3 O-O-O 13. Be2 h5 14.
h4 Na5 15. Bf3 Nxb3 16. axb3 Rh7 17. Qe2 Bh6 18. f5 Bf4 19. Bxh5 Be5 20.
Bf3 Kb8 21. g4 a5 22. Rd3 Rc8 23. Qe3 Rc5 24. h5 Rh8 25. h6 a4 26. bxa4 Qb4
27. Qd2 Bc6 28. h7 1/2-1/2

[Event "22nd Open"]
[Site "Cappelle la Grande FRA"]
[Date "2006.02.21"]
[Round "5"]
[White "Ionov,S"]
[Black "Melia,S"]
[Result "1-0"]
[WhiteElo "2527"]
[BlackElo "2390"]
[EventDate "2006.02.18"]

1. d4 Nf6 2. c4 e6 3. Nf3 b6 4. g3 Ba6 5. b3 Bb4+ 6. Bd2 Be7 7. Bg2 c6 8.
Bc3 d5 9. Ne5 Nfd7 10. Nxd7 Nxd7 11. Nd2 Nf6 12. O-O O-O 13. e4 b5 14. exd5
exd5 15. Re1 Rb8 16. c5 b4 17. Bb2 Bb5 18. a3 bxa3 19. Rxa3 a6 20. Nb1 Nd7
21. Nc3 Bf6 22. Bc1 Re8 23. Rxe8+ Qxe8 24. Bf4 Bxd4 25. Nxb5 Bxc5 26. b4
Rxb5 27. bxc5 Nxc5 28. Bf1 Rb4 1-0

[Event "22nd Open"]
[Site "Cappelle la Grande FRA"]
[Date "2006.02.21"]
[Round "5"]
[White "Dembo,Y"]
[Black "Chulivska,V"]
[Result "1-0"]
[WhiteElo "2461"]
[BlackElo "2279"]
[EventDate "2006.02.18"]

1. e4 c5 2. Nf3 e6 3. d4 cxd4 4. Nxd4 a6 5. Nc3 Qc7 6. Bd3 Nc6 7. Be3 Nf6
8. O-O Ne5 9. Nf3 d6 10. Nxe5 dxe5 11. Na4 Nd7 12. c4 Nc5 13. Bc2 Bd7 14.
Nc3 a5 15. Qg4 g6 16. Rfd1 Bg7 17. Qf3 b6 18. Bxc5 bxc5 19. Rxd7 Kxd7 20.
Nb5 Qb8 21. Qxf7+ Kc6 22. Qxe6+ Kb7 23. Qd7+ Kb6 24. Qxg7 Qb7 25. Qxe5 Rhd8
26. Nc3 Rac8 27. Nd5+ Ka7 28. Ba4 1-0

[Event "22nd Open"]
[Site "Cappelle la Grande FRA"]
[Date "2006.02.21"]
[Round "5"]
[White "Vorobiov,E"]
[Black "Hasangatin,R"]
[Result "1-0"]
[WhiteElo "2543"]
[BlackElo "2460"]
[EventDate "2006.02.18"]

1. e4 d5 2. exd5 Qxd5 3. Nc3 Qd6 4. d4 c6 5. Nf3 Bg4 6. h3 Bxf3 7. Qxf3 Nf6
8. Be3 e6 9. O-O-O Be7 10. Kb1 Nbd7 11. Bd3 O-O 12. g4 Qb4 13. h4 Nd5 14.
Nxd5 cxd5 15. g5 f5 16. gxf6 Nxf6 17. Qh3 Qd6 18. Rhg1 Rf7 19. h5 Kh8 20.
Bg6 Rff8 21. h6 gxh6 22. Bxh6 Rg8 23. Bf7 1-0

[Event "22nd Open"]
[Site "Cappelle la Grande FRA"]
[Date "2006.02.21"]
[Round "5"]
[White "Mazzilli,P"]
[Black "Jaracz,P"]
[Result "1/2-1/2"]
[WhiteElo "2332"]
[BlackElo "2486"]
[EventDate "2006.02.18"]

1. d4 Nf6 2. c4 e6 3. Nc3 Bb4 4. Qc2 O-O 5. a3 Bxc3+ 6. Qxc3 d6 7. Nf3 b6
8. g3 Bb7 9. Bg2 Nbd7 10. O-O c5 11. b4 Qe7 12. Bb2 Rfc8 13. Rfd1 d5 14.
dxc5 bxc5 15. cxd5 Bxd5 16. Rac1 Qf8 17. Qe3 cxb4 18. Rxc8 Rxc8 19. axb4
Qxb4 20. Bxf6 Nxf6 21. Qxa7 Bxf3 22. Bxf3 1/2-1/2

[Event "22nd Open"]
[Site "Cappelle la Grande FRA"]
[Date "2006.02.21"]
[Round "5"]
[White "Escobar Forero,A"]
[Black "Crouan,S"]
[Result "1-0"]
[WhiteElo "2425"]
[BlackElo "2226"]
[EventDate "2006.02.18"]

1. e4 e5 2. Nf3 Nc6 3. Bb5 Nf6 4. d3 d6 5. Nbd2 Be7 6. c3 a6 7. Ba4 b5 8.
Bc2 O-O 9. Nf1 d5 10. Qe2 dxe4 11. dxe4 Be6 12. Ne3 Bc5 13. O-O Ng4 14. Nd5
Bxd5 15. exd5 Qxd5 16. Be4 Qd7 17. Rd1 Bd6 18. Nh4 Nf6 19. Nf5 Nxe4 20. Qg4
1-0

[Event "22nd Open"]
[Site "Cappelle la Grande FRA"]
[Date "2006.02.21"]
[Round "5"]
[White "Danielian,O"]
[Black "Shaw,J"]
[Result "1/2-1/2"]
[WhiteElo "2518"]
[BlackElo "2432"]
[EventDate "2006.02.18"]

1. d4 d5 2. c4 c6 3. Nf3 Nf6 4. Nc3 dxc4 5. a4 Bf5 6. e3 e6 7. Bxc4 Bb4 8.
O-O O-O 9. Qe2 Ne4 10. Bd3 Bxc3 11. bxc3 Nxc3 12. Qc2 Bxd3 13. Qxd3 Nd5 14.
Rb1 b6 15. e4 Ne7 16. Rd1 Nd7 17. Ba3 Re8 18. Rdc1 Qc8 19. Nd2 c5 20. Nb3
1/2-1/2

[Event "22nd Open"]
[Site "Cappelle la Grande FRA"]
[Date "2006.02.21"]
[Round "5"]
[White "Upton,T"]
[Black "Krivonosov,O"]
[Result "1/2-1/2"]
[WhiteElo "2248"]
[BlackElo "2431"]
[EventDate "2006.02.18"]

1. e4 e5 2. Nf3 Nc6 3. c3 d6 4. d4 Be7 5. Bb5 Bd7 6. O-O Nf6 7. Re1 O-O 8.
Ba4 Re8 9. Nbd2 Bf8 10. Bc2 g6 11. Nf1 Bg7 12. Ng3 h6 13. h3 Nh7 14. Be3 h5
15. Qd2 Qe7 16. Rad1 Rad8 17. d5 Na5 18. Qe2 b6 19. b4 Nb7 1/2-1/2

[Event "22nd Open"]
[Site "Cappelle la Grande FRA"]
[Date "2006.02.21"]
[Round "5"]
[White "Radulski,J"]
[Black "Bakin,A"]
[Result "1-0"]
[WhiteElo "2515"]
[BlackElo "2299"]
[EventDate "2006.02.18"]

1. e4 c6 2. d4 d5 3. Nc3 b5 4. a3 a6 5. e5 Bf5 6. Be3 e6 7. Be2 Qb6 8. Nf3
Bg6 9. O-O Ne7 10. a4 b4 11. a5 Qc7 12. Na4 Nf5 13. Bd2 Qxa5 14. c3 bxc3
15. Bxc3 Bb4 16. Qb3 Bxc3 17. Qb7 Qb4 18. Qxa8 Bxd4 19. g4 1-0

[Event "22nd Open"]
[Site "Cappelle la Grande FRA"]
[Date "2006.02.21"]
[Round "5"]
[White "Zubarev,Al1"]
[Black "Slapak,Z"]
[Result "1-0"]
[WhiteElo "2508"]
[BlackElo "2142"]
[EventDate "2006.02.18"]

1. e4 e5 2. Bc4 Be7 3. d4 d6 4. dxe5 dxe5 5. Qh5 g6 6. Qxe5 Nf6 7. Bh6 Nbd7
8. Qc3 Nb6 9. Nd2 Nxc4 10. Nxc4 a5 11. Rd1 Bd7 12. a3 Rg8 13. Nf3 Nxe4 14.
Qe3 f5 15. O-O Bc5 16. Qb3 Qe7 17. Nfe5 1-0

[Event "22nd Open"]
[Site "Cappelle la Grande FRA"]
[Date "2006.02.21"]
[Round "5"]
[White "Lopez Martinez,J"]
[Black "Colin,V"]
[Result "1/2-1/2"]
[WhiteElo "2518"]
[BlackElo "2374"]
[EventDate "2006.02.18"]

1. e4 c5 2. Nf3 g6 3. d4 cxd4 4. Nxd4 Bg7 5. Nc3 Nc6 6. Be3 Nf6 7. Bc4 O-O
8. Bb3 a5 9. a4 Ng4 10. Qxg4 Nxd4 11. Qh4 d6 12. Nd5 Re8 13. Bg5 Bf8 14.
O-O Nxb3 1/2-1/2

[Event "22nd Open"]
[Site "Cappelle la Grande FRA"]
[Date "2006.02.22"]
[Round "6"]
[White "Luther,T"]
[Black "Grigoriants,S RUS"]
[Result "1/2-1/2"]
[WhiteElo "2569"]
[BlackElo "2550"]
[EventDate "2006.02.18"]

1. e4 c5 2. Nf3 Nc6 3. d4 cxd4 4. Nxd4 e6 5. Nc3 d6 6. Be3 Nf6 7. Qd2 Be7
8. f3 O-O 9. O-O-O a6 10. g4 Nd7 11. h4 Nxd4 12. Bxd4 b5 13. g5 Qc7 14. Kb1
b4 15. Na4 Bb7 16. b3 Bc6 17. g6 Bxa4 18. gxh7+ Kh8 19. bxa4 e5 20. Be3 Nc5
21. Bxc5 Qxc5 22. Qd5 Rfc8 23. Rh2 Qxd5 24. Rxd5 Rc3 25. Bd3 a5 26. h5 Rc6
27. Rd2 Rc3 28. Rd1 Bg5 29. Rxd6 Ra7 30. Rd5 Bf4 31. Rd8+ Kxh7 32. Rf1 Rac7
33. Ra8 R3c5 34. Rd1 Be3 35. Re1 Bf4 36. Rd1 Rd7 37. Be2 Rdc7 38. Rdd8 Kh6
39. Rh8+ Kg5 40. Bd3 Kh4 41. Ra6 f6 42. Rha8 Rc3 43. R6a7 Kg3 1/2-1/2

[Event "22nd Open"]
[Site "Cappelle la Grande FRA"]
[Date "2006.02.22"]
[Round "6"]
[White "Tunik,G"]
[Black "Riazantsev,A"]
[Result "1/2-1/2"]
[WhiteElo "2469"]
[BlackElo "2594"]
[EventDate "2006.02.18"]

1. d4 d5 2. c4 c6 3. Nf3 Nf6 4. Nc3 e6 5. e3 a6 6. b3 Bb4 7. Bd2 Nbd7 8.
Bd3 O-O 9. O-O Bd6 10. h3 Re8 11. Qc2 h6 12. Rad1 e5 13. cxd5 cxd5 14. dxe5
Nxe5 15. Nxe5 Bxe5 16. Ne2 Be6 17. Bc3 Rc8 18. Qd2 Bb8 19. Rc1 Ne4 20. Rcd1
Nf6 1/2-1/2

[Event "22nd Open"]
[Site "Cappelle la Grande FRA"]
[Date "2006.02.22"]
[Round "6"]
[White "Belikov,V"]
[Black "Moser,E"]
[Result "1-0"]
[WhiteElo "2528"]
[BlackElo "2374"]
[EventDate "2006.02.18"]

1. e4 e6 2. d4 d5 3. Nd2 Nf6 4. e5 Nfd7 5. Bd3 c5 6. c3 Nc6 7. Ne2 cxd4 8.
cxd4 f6 9. exf6 Qxf6 10. Nf3 h6 11. O-O Bd6 12. Ng3 O-O 13. Bc2 Rf7 14. Nh5
Qe7 15. Bg6 Rf8 16. Re1 Nf6 17. Nf4 Ng4 18. g3 Qf6 19. Qd3 Ne7 20. Bh5 e5
21. dxe5 Nxe5 22. Nxe5 Bxe5 23. Qe2 Bxf4 24. Bxf4 Ng6 25. Bd2 Bf5 26. Bc3
Qf7 27. f3 Qd7 28. Qd2 Rac8 29. Rad1 Rfd8 30. g4 Nh4 31. gxf5 Qxf5 32. Bg4
Nxf3+ 33. Bxf3 Qxf3 34. Qg2 Qf7 35. Rf1 1-0

[Event "22nd Open"]
[Site "Cappelle la Grande FRA"]
[Date "2006.02.22"]
[Round "6"]
[White "Burmakin,V"]
[Black "Miroshnichenko,E"]
[Result "1/2-1/2"]
[WhiteElo "2519"]
[BlackElo "2619"]
[EventDate "2006.02.18"]

1. d4 Nf6 2. Nf3 e6 3. c4 d5 4. g3 dxc4 5. Qa4+ Nbd7 6. Bg2 a6 7. Nc3 Be7
8. Ne5 O-O 9. Nxd7 Bxd7 10. Qxc4 b5 11. Qd3 b4 12. Ne4 Bb5 13. Qc2 Qxd4 14.
Be3 Qc4 15. Qxc4 Bxc4 16. Nxf6+ Bxf6 17. Bxa8 Rxa8 18. O-O-O Bxe2 19. Rd7
c6 20. Re1 Bc4 21. Bc5 a5 22. a3 bxa3 23. Bxa3 Bd5 24. Be7 Bd4 25. Re2 h5
26. Rd8+ Rxd8 27. Bxd8 a4 28. Be7 f6 29. Rc2 Kf7 30. Bc5 Be5 31. f4 Bc7 32.
Rd2 e5 33. fxe5 Bxe5 34. Kd1 Ke6 35. Bd4 Bd6 36. Rf2 Be4 37. Kd2 Kd5 38.
Ke3 Bg6 39. Rd2 Ke6 40. Rd1 c5 41. Bc3 Bc2 42. Rd2 Bb3 43. Kf2 Bc4 44. Rd1
Bb5 45. Re1+ Kd7 46. Re4 f5 47. Re1 g6 48. Be5 Be7 49. h4 Bc6 50. Bc3 Bd5
51. Ra1 Bb3 52. Re1 Bd5 53. Ra1 Bb3 54. Re1 Bd8 55. Kf3 Bc7 56. Be5 Ba5 57.
Rc1 Bd5+ 58. Ke3 Kc6 59. Bd4 Bb4 60. Bc3 Kb5 61. Bxb4 Kxb4 62. Rc3 Be4 63.
Kf4 c4 64. Ke5 Bd3 65. Kd5 Kb5 66. Kd4 Kb4 67. Ra3 Bc2 68. Rc3 Bd3 1/2-1/2

[Event "22nd Open"]
[Site "Cappelle la Grande FRA"]
[Date "2006.02.22"]
[Round "6"]
[White "Zinchenko,Ya"]
[Black "Korneev,O"]
[Result "0-1"]
[WhiteElo "2501"]
[BlackElo "2649"]
[EventDate "2006.02.18"]

1. e4 c5 2. Nf3 Nc6 3. d4 cxd4 4. Nxd4 Qb6 5. Nb3 Nf6 6. Nc3 e6 7. Bd3 a6
8. Qe2 d6 9. Be3 Qc7 10. f4 b5 11. g4 Nb4 12. a3 Nxd3+ 13. cxd3 Be7 14. Rc1
Qd8 15. g5 Nd7 16. h4 Bb7 17. Nd4 Rc8 18. h5 Nc5 19. Kf2 O-O 20. b4 e5 21.
Nf5 exf4 22. Bxf4 Ne6 23. Bg3 Bxg5 24. Rc2 Qf6 25. Bxd6 Nd4 0-1

[Event "22nd Open"]
[Site "Cappelle la Grande FRA"]
[Date "2006.02.22"]
[Round "6"]
[White "Roiz,M"]
[Black "Pavlovic,Milo"]
[Result "1-0"]
[WhiteElo "2599"]
[BlackElo "2494"]
[EventDate "2006.02.18"]

1. Nf3 c5 2. c4 g6 3. d4 cxd4 4. Nxd4 Bg7 5. e4 Nc6 6. Be3 Nf6 7. Nc3 Ng4
8. Qxg4 Nxd4 9. Qd1 Ne6 10. Rc1 d6 11. Be2 O-O 12. O-O Bd7 13. Qd2 a5 14.
b3 Bc6 15. f3 Nc5 16. Rc2 Be5 17. Rd1 b6 18. Bf1 Ra7 19. Rb1 e6 20. a3 Qh4
21. g3 Qe7 22. Nb5 Bxb5 23. cxb5 d5 24. exd5 exd5 25. Qxd5 Rd8 26. Qc4 Qf6
27. Bxc5 bxc5 28. f4 Bd4+ 29. Kh1 Re8 30. Re2 Rxe2 31. Qxe2 Re7 32. Qf3 h5
33. Bc4 h4 34. gxh4 Qxh4 35. b6 Re3 36. Qg2 Kg7 37. b7 Qxf4 38. Rf1 Qe5 39.
Bxf7 g5 40. b8=Q 1-0

[Event "22nd Open"]
[Site "Cappelle la Grande FRA"]
[Date "2006.02.22"]
[Round "6"]
[White "Zagrebelny,S"]
[Black "Goloshchapov,A"]
[Result "0-1"]
[WhiteElo "2497"]
[BlackElo "2533"]
[EventDate "2006.02.18"]

1. e4 c5 2. Nf3 Nc6 3. d4 cxd4 4. Nxd4 Nf6 5. Nc3 d6 6. f3 e6 7. Be3 Be7 8.
Qd2 O-O 9. O-O-O a6 10. g4 Nd7 11. h4 Nxd4 12. Bxd4 b5 13. g5 Qc7 14. f4
Bb7 15. g6 b4 16. gxh7+ Kh8 17. Rg1 e5 18. fxe5 dxe5 19. Be3 bxc3 20. Qxd7
cxb2+ 21. Kb1 Rac8 22. Qxc7 Rxc7 23. Bb6 Rc6 24. Rd7 Rxb6 25. Rxe7 Bxe4 26.
Bd3 Bxd3 27. cxd3 Kxh7 28. Rxe5 f5 29. Re7 Rg6 30. Rf1 Rg2 31. Rb7 Kh6 32.
Rxb2 Rxb2+ 33. Kxb2 Kh5 34. Rf4 g5 35. hxg5 Kxg5 36. Rf1 f4 37. Kc3 f3 38.
d4 Kg4 39. Kb4 Kg3 40. d5 Kg2 41. Rd1 f2 42. d6 f1=Q 43. Rxf1 Kxf1 44. Ka5
Ra8 45. a4 Ke2 46. Kb6 Kd3 47. Kb7 Rd8 48. Kc7 Rh8 49. a5 Kc4 0-1

[Event "22nd Open"]
[Site "Cappelle la Grande FRA"]
[Date "2006.02.22"]
[Round "6"]
[White "Sasikiran,K"]
[Black "Zakharevich,I"]
[Result "1-0"]
[WhiteElo "2670"]
[BlackElo "2500"]
[EventDate "2006.02.18"]

1. d4 d5 2. c4 e6 3. Nc3 Be7 4. Nf3 Nf6 5. Bg5 h6 6. Bh4 O-O 7. e3 b6 8.
Be2 Bb7 9. Bxf6 Bxf6 10. cxd5 exd5 11. O-O c6 12. Qb3 Nd7 13. Rfe1 Be7 14.
Rad1 Qc7 15. Rc1 Qd6 16. e4 Qb4 17. exd5 Qxb3 18. axb3 Bb4 19. Na2 Bxe1 20.
dxc6 Bxc6 21. Rxc6 Ba5 22. b4 Rac8 23. Rc3 Bxb4 24. Nxb4 Rxc3 25. bxc3 Nf6
26. Ba6 Ne4 27. c4 Rd8 28. Kf1 Rd6 29. Bb7 Nc3 30. Na6 Rd7 31. Bc6 Rd6 32.
d5 Rf6 33. Ke1 Kf8 34. Kd2 Ne4+ 35. Ke3 Nd6 36. Nd2 Rf5 37. Nc7 1-0

[Event "22nd Open"]
[Site "Cappelle la Grande FRA"]
[Date "2006.02.22"]
[Round "6"]
[White "Azarov,S"]
[Black "Novikov,Ma"]
[Result "1-0"]
[WhiteElo "2581"]
[BlackElo "2518"]
[EventDate "2006.02.18"]

1. e4 e5 2. Nf3 Nc6 3. Bb5 d6 4. d4 Bd7 5. O-O exd4 6. Bxc6 Bxc6 7. Nxd4
Nf6 8. Re1 Be7 9. c4 O-O 10. Nc3 Nd7 11. Be3 Bf6 12. Rc1 Re8 13. f3 Nb6 14.
b3 Bd7 15. Qd2 c6 16. Red1 Qe7 17. Nde2 Nc8 18. Bf4 Be5 19. c5 Bxf4 20.
Nxf4 d5 21. Qd4 b6 22. b4 a5 23. Ncxd5 cxd5 24. Nxd5 Qg5 25. Nc7 Ba4 26.
Nxe8 Bxe8 27. cxb6 Ne7 28. Rc5 Qh6 29. bxa5 Nc6 30. b7 Rb8 31. Qd6 Rxb7 32.
Rxc6 Qe3+ 33. Kh1 Rd7 34. Qxd7 Bxd7 35. Rc8+ 1-0

[Event "22nd Open"]
[Site "Cappelle la Grande FRA"]
[Date "2006.02.22"]
[Round "6"]
[White "Guseinov,G"]
[Black "Akesson,R"]
[Result "1-0"]
[WhiteElo "2607"]
[BlackElo "2494"]
[EventDate "2006.02.18"]

1. e4 c5 2. Nf3 e6 3. d4 cxd4 4. Nxd4 a6 5. Nc3 Qc7 6. g3 Nf6 7. Bg2 Nc6 8.
O-O Nxd4 9. Qxd4 Bc5 10. Bf4 d6 11. Qd2 h6 12. Rad1 e5 13. Be3 Ke7 14. Bxc5
Qxc5 15. Na4 Qc6 16. f4 a5 17. fxe5 dxe5 18. Qd3 b5 19. Nc3 b4 20. Nd5+
Nxd5 21. Qxd5 Qxd5 22. exd5 Ra6 23. c4 bxc3 24. bxc3 f5 25. Rb1 Kd6 26. Rb8
e4 27. c4 Re8 28. Rc1 Kc5 29. Rb5+ Kd4 30. Rd1+ Kc3 31. c5 e3 32. c6 Rd8
33. Rb3+ Kc2 34. Re1 1-0

[Event "22nd Open"]
[Site "Cappelle la Grande FRA"]
[Date "2006.02.22"]
[Round "6"]
[White "Evdokimov,Alexa"]
[Black "Baklan,V"]
[Result "0-1"]
[WhiteElo "2498"]
[BlackElo "2601"]
[EventDate "2006.02.18"]

1. d4 Nf6 2. c4 e6 3. Nf3 b6 4. g3 Ba6 5. b3 Bb7 6. Bg2 Bb4+ 7. Bd2 a5 8.
O-O O-O 9. Bc3 d5 10. cxd5 Bxd5 11. a3 Be7 12. Bb2 Ne4 13. Ne5 Nd7 14. Nxd7
Qxd7 15. Qc2 f5 16. f3 Nf6 17. Nd2 Bb7 18. Nc4 a4 19. Ne5 Qd6 20. b4 c5 21.
dxc5 bxc5 22. Rad1 Qb6 23. Nd7 Nxd7 24. Rxd7 Rf7 25. b5 Qxb5 26. Rxb7 Qxb7
27. f4 Qa6 28. Bxa8 Qxa8 29. e4 Qb7 30. exf5 exf5 31. Rc1 c4 32. Bd4 Bxa3
33. Ra1 Qd5 34. Bf2 Bc5 35. Rxa4 Bxf2+ 36. Kxf2 Rc7 37. Qc3 h6 38. Ra5 Qh1
39. Rxf5 Qxh2+ 40. Kf3 Qg1 41. Re5 Qf1+ 42. Kg4 Qd1+ 43. Kh4 Kh7 44. Qe3
Qh1+ 45. Kg4 Rc6 46. f5 Qd1+ 47. Kh4 Rd6 48. Re4 Rd2 49. g4 Qh1+ 50. Kg3
Rd3 0-1

[Event "22nd Open"]
[Site "Cappelle la Grande FRA"]
[Date "2006.02.22"]
[Round "6"]
[White "Shneider,A"]
[Black "Zhigalko,S"]
[Result "1/2-1/2"]
[WhiteElo "2529"]
[BlackElo "2496"]
[EventDate "2006.02.18"]

1. d4 Nf6 2. c4 e6 3. Nf3 b6 4. g3 Ba6 5. b3 Bb4+ 6. Bd2 Be7 7. Bg2 c6 8.
Bc3 d5 9. Ne5 Nfd7 10. Nxd7 Nxd7 11. Nd2 O-O 12. O-O Rb8 13. Re1 b5 14. c5
e5 15. dxe5 Nxc5 16. a3 Ne6 17. b4 d4 18. Bb2 c5 19. Ne4 Bc8 1/2-1/2

[Event "22nd Open"]
[Site "Cappelle la Grande FRA"]
[Date "2006.02.22"]
[Round "6"]
[White "Yagupov,I"]
[Black "Sulskis,S"]
[Result "1/2-1/2"]
[WhiteElo "2534"]
[BlackElo "2504"]
[EventDate "2006.02.18"]

1. e4 e5 2. Nf3 Nc6 3. Bb5 a6 4. Ba4 Nf6 5. O-O Be7 6. Re1 b5 7. Bb3 d6 8.
c3 O-O 9. h3 Bb7 10. d4 Re8 11. Nbd2 Bf8 12. d5 Nb8 13. Nf1 Nbd7 14. Ng3
Nc5 15. Bc2 c6 16. b4 Ncd7 17. dxc6 Bxc6 18. Bb3 h6 19. Nh2 Nb6 20. Ng4 Nc4
21. Bxc4 bxc4 22. a4 d5 23. exd5 Nxd5 24. Nxe5 Nxc3 25. Qxd8 Raxd8 26. Bb2
Nxa4 27. Nxc6 Rxe1+ 28. Rxe1 Rd6 29. Bd4 Rxc6 30. Ra1 Rd6 31. Ne2 Nb2 32.
b5 axb5 33. Bxb2 Rd2 34. Bc3 Rxe2 35. Ra8 Re7 36. Bb4 Rc7 37. Rxf8+ Kh7 38.
Rb8 c3 1/2-1/2

[Event "22nd Open"]
[Site "Cappelle la Grande FRA"]
[Date "2006.02.22"]
[Round "6"]
[White "Jakubowski,K"]
[Black "Zhang,T"]
[Result "1-0"]
[WhiteElo "2504"]
[BlackElo "2163"]
[EventDate "2006.02.18"]

1. e4 c5 2. Nf3 e6 3. d4 cxd4 4. Nxd4 a6 5. Bd3 Nc6 6. Nxc6 dxc6 7. O-O e5
8. Nd2 Bd6 9. a4 Nf6 10. Nc4 Bc7 11. a5 O-O 12. Bg5 h6 13. Bh4 g5 14. Bg3
Re8 15. Qf3 Nh7 16. Qe3 Nf8 17. Rfd1 Qe7 18. f3 Ng6 19. Bf2 Be6 20. Qc5
Rad8 21. Bf1 Kg7 22. b4 f6 23. c3 Kf7 24. Qa7 Bb8 25. Qe3 Rxd1 26. Rxd1 Rd8
27. Qe1 Rxd1 28. Qxd1 Qd7 29. Qc2 Ne7 30. Nb6 Qe8 31. Na4 Bd6 32. Qd1 Nc8
33. Nc5 Bxc5 34. Bxc5 Qd7 35. Qxd7+ Bxd7 36. Kf2 Be6 37. Ke3 Ke8 38. g3 Kd7
39. Bf8 h5 40. f4 Nd6 41. fxe5 fxe5 42. Bg7 Nf7 43. h4 g4 44. Bd3 Ke7 45.
Kd2 Kd6 46. Bf8+ Kd7 47. c4 Kc7 48. Kc3 Kd7 49. b5 cxb5 50. cxb5 axb5 51.
Bxb5+ Kc7 52. Kb4 Ba2 53. Kc5 Be6 54. Bg7 Ba2 55. Bf6 Be6 56. Be8 Bb3 57.
Be7 Be6 58. Ba4 Ba2 59. Bf6 Be6 60. Bc2 Ba2 61. Bd3 Be6 62. Bg7 Ba2 63. Bf8
Be6 64. Bc2 Ba2 65. Ba4 Be6 66. Kb4 Ba2 67. Bc5 Be6 68. Bb6+ Kc8 69. Kc5
Ba2 70. Be8 Be6 71. Bb5 Bb3 72. Bc4 Bxc4 73. Kxc4 Kd7 74. Kd5 Ke7 75. Bc7
Kd7 76. Bxe5 1-0

[Event "22nd Open"]
[Site "Cappelle la Grande FRA"]
[Date "2006.02.22"]
[Round "6"]
[White "Chernyshov,K"]
[Black "Tirard,H"]
[Result "1/2-1/2"]
[WhiteElo "2539"]
[BlackElo "2447"]
[EventDate "2006.02.18"]

1. d4 Nf6 2. Bg5 c5 3. Bxf6 gxf6 4. c3 cxd4 5. cxd4 e6 6. Nf3 Qa5+ 7. Nbd2
d5 8. e3 Bd7 9. Bd3 Bb5 10. Qe2 Bxd3 11. Qxd3 Qa6 12. Qxa6 Nxa6 13. Ke2 Bd6
14. a3 Ke7 15. Rhc1 Rac8 16. g3 Nb8 17. Nb3 b6 18. Ne1 Kd7 19. Nd3 Rc6 20.
f4 Rhc8 21. Rxc6 Nxc6 22. Rc1 f5 23. Nd2 f6 24. Nf3 a5 25. a4 Rb8 26. Nd2
Rc8 27. Nb1 Nb4 28. Rxc8 Kxc8 29. Nf2 Na2 30. Nd3 Nb4 31. Nc1 Kd7 32. Nc3
Be7 33. Nb5 Na6 34. Nd3 Nc7 35. Kf3 Ne8 36. Kg2 Bf8 37. Kh3 Be7 38. Ne1 Bb4
39. Nc2 Be7 40. Kg2 Bf8 41. Kf3 Be7 42. Ne1 Bb4 43. Nd3 Be7 44. Nf2 Ng7 45.
Nd3 Ne8 46. Ne1 Bb4 47. Ng2 Be7 48. Nh4 Bb4 49. h3 h5 50. Ng6 Ng7 51. Nh8
Bf8 52. b3 Ne8 53. Ke2 Bb4 54. Ng6 Ng7 55. Nh4 Ne8 56. Nf3 Ng7 57. Kf2 Ne8
58. Ke2 Ng7 59. Kd1 Ne8 60. Ng1 Ng7 61. Ne2 Ne8 62. Nc1 Kc6 63. Nd3 Kd7 64.
Ke2 Ng7 65. Nf2 Ne8 66. g4 fxg4 67. hxg4 hxg4 68. Nxg4 Be7 69. Kf3 Bb4 70.
Nh6 Bf8 71. Ng4 Bb4 72. Ke2 Be7 73. Kd3 Bb4 74. Ke2 1/2-1/2

[Event "22nd Open"]
[Site "Cappelle la Grande FRA"]
[Date "2006.02.22"]
[Round "6"]
[White "Giffard,N"]
[Black "Kasparov,S"]
[Result "1/2-1/2"]
[WhiteElo "2313"]
[BlackElo "2491"]
[EventDate "2006.02.18"]

1. Nf3 Nf6 2. c4 c5 3. d4 cxd4 4. Nxd4 b6 5. Nc3 Bb7 6. f3 d6 7. e4 e6 8.
Be2 Be7 9. O-O O-O 10. Kh1 a6 11. Be3 Re8 12. a4 Nc6 13. Nxc6 Bxc6 14. Qb3
Rb8 15. Rfd1 Qc7 16. Rac1 Qb7 17. Bf4 Red8 18. Rd2 h6 19. Qd1 Ne8 20. b4
Rbc8 21. b5 axb5 22. axb5 Bd7 23. Na4 e5 24. Be3 Bg5 25. Bxg5 hxg5 26. Qg1
Rb8 27. Qe3 f6 28. Rcd1 Qc7 29. Nc3 Be6 30. Na2 Ra8 31. Nb4 Rdc8 32. Na6
Qb7 33. Qb3 Qf7 34. Rc1 Ra7 35. h3 Rb7 36. Rdd1 g6 37. Qb4 Kg7 38. Rc2 Rd7
39. Rdc1 Nc7 40. Rd1 Ne8 41. Rdc1 Qe7 42. Rd1 f5 43. Qa3 g4 44. fxg4 fxg4
45. Bxg4 Bxg4 46. hxg4 Qg5 47. c5 Nf6 48. c6 Rf7 49. Re2 Qxg4 50. Qf3 Rh8+
51. Kg1 Qh4 52. g3 Qh3 53. Rf1 Qe6 54. c7 Qc4 55. g4 Rhf8 56. Ref2 Rxc7 57.
Nxc7 Qxc7 58. g5 Nh7 59. Qg4 Rxf2 60. Rxf2 Qc1+ 61. Kg2 Nxg5 62. Qd7+ Kh6
63. Qxd6 Nxe4 64. Qf8+ Kg5 65. Qe7+ Kh5 66. Qxe5+ Qg5+ 67. Qxg5+ Kxg5 68.
Rc2 Nd6 69. Rd2 Ne4 70. Rc2 Nd6 71. Rc6 Nxb5 72. Rxb6 Nd4 73. Rxg6+ 1/2-1/2

[Event "22nd Open"]
[Site "Cappelle la Grande FRA"]
[Date "2006.02.22"]
[Round "6"]
[White "Degraeve,JM"]
[Black "Pruijssers,R"]
[Result "1-0"]
[WhiteElo "2553"]
[BlackElo "2319"]
[EventDate "2006.02.18"]

1. e4 e5 2. Nf3 Nc6 3. Bb5 a6 4. Ba4 Nf6 5. O-O Be7 6. Re1 b5 7. Bb3 O-O 8.
d4 d6 9. c3 Bg4 10. Be3 exd4 11. cxd4 d5 12. e5 Ne4 13. Nc3 Nxc3 14. bxc3
f5 15. h3 Bh5 16. Bc1 Na5 17. Bc2 Nc4 18. Qd3 Bg6 19. Bf4 a5 20. e6 Bd6 21.
Bg5 Be7 22. Bf4 Bd6 23. Ng5 Qe7 24. Qg3 Rf6 25. Bb3 h6 26. Nf3 Rxe6 27.
Bxc4 dxc4 28. Bxd6 Rxe1+ 29. Rxe1 Qxd6 30. Ne5 Kh7 31. Qxg6+ Qxg6 32. Nxg6
Kxg6 33. Re6+ Kf7 34. Rc6 Ra7 35. Kf1 Rb7 36. Ke2 Ke7 37. Kd2 Kd8 38. Ra6
Rb6 39. Rxa5 f4 40. Ke2 Kd7 41. Kf3 g5 42. a3 Kd6 43. Ke4 Rb8 44. Ra6+ Kd7
45. Kd5 c6+ 46. Kc5 Rc8 47. Ra7+ Ke6 48. Rh7 Ra8 49. Rxh6+ Kf5 50. Rxc6
Rxa3 51. Kxb5 Rxc3 52. Rxc4 Rd3 53. Kc6 Rd2 54. Rc5+ Kf6 55. d5 Rxf2 56. d6
Rxg2 57. d7 Rd2 58. Kc7 Ke7 59. Re5+ Kf6 60. Re2 Rd3 61. d8=Q+ Rxd8 62.
Kxd8 Kf5 63. Re8 f3 64. Rf8+ Ke4 65. Ke7 Ke3 66. Kf6 1-0